| 000 | 00000nas 2200000za 4500 |
| 001 | 9.503438 |
| 003 | CaOODSP |
| 005 | 20221107133250 |
| 007 | cr ||||||||||| |
| 008 | 150406d19941999oncar pso||||f0 b0fre|d |
| 022 | |a1489-5072 |
| 040 | |aCaOODSP|bfre |
| 043 | |an-cn--- |
| 086 | 1 |aF1-27F-pdf |
| 110 | 1 |aCanada. |bMinistère des finances. |
| 210 | 0 |aGouv. Can. dépenses fisc. |b(En ligne) |
| 222 | 0|aGouvernement du Canada, dépenses fiscales |b(En ligne) |
| 240 | 10|aGouvernement du Canada, dépenses fiscales (En ligne) |
| 245 | 10|aGouvernement du Canada, dépenses fiscales |h[ressource électronique]. |
| 246 | 10|aDépenses fiscales |
| 260 | |aOttawa : |bMinistère des finances Canada, |c[1994-1999]. |
| 310 | |aAnnuel |
| 362 | 1 |a1994-1999 |
| 500 | |aPubl. aussi en anglais sous le titre : Government of Canada tax expenditure. |
| 500 | |aÉdition (1994) numérisée de l’imprimé [par Finance Canada]. |
| 691 | 07|aDépenses publiques|2gcpds |
| 691 | 07|aImpôt sur le revenu|2gcpds |
| 691 | 07|aImpôt sur le revenu des particuliers|2gcpds |
| 691 | 07|aImpôt sur le revenu des sociétés|2gcpds |
| 691 | 07|aTaxe sur les produits et services|2gcpds |
| 775 | 08|tGovernment of Canada tax expenditures |w(CaOODSP)9.507047 |